| 000 | 00799nam a2200241 a 4500 | ||
|---|---|---|---|
| 001 | BRL_78 | ||
| 005 | 20190320210558.0 | ||
| 008 | 790507s1978####pr-a#####b---#001-0#spa-# | ||
| 040 |
_aDLC _cDLC _dDLC |
||
| 041 | _aspa | ||
| 044 | _apr | ||
| 050 | 4 |
_aUG405 _b.Z37 1978 |
|
| 100 | 1 |
_aZapatero, Juan Manuel, _d1918- _922845 |
|
| 245 | 1 | 0 |
_aLa fortificación abaluartada en América _cJuan Manuel Zapatero. |
| 260 |
_aPuerto Rico _bInstituto de Cultura Puertorriqueña _c1978 |
||
| 300 |
_axxv, 323 p. _bil. _c23 cm. |
||
| 500 | _aIncluye índice de láminas e índice de los ingenieros militares en América, siglos XVIII y XIX | ||
| 500 | _aAu159 | ||
| 650 | 1 | 4 |
_aFortificación _xHistoria _zLatinoamerica _922846 |
| 650 | 1 | 4 |
_aArquitectura militar _xHistoria _922847 |
| 902 | _aGRL | ||
| 942 |
_2lcc _cB |
||
| 999 |
_c8891 _d8891 |
||